MDQL
is popping MORE tags! Check the
thread
!
Quizzes
Events
Quiz Creation
Community
Videos
Private Events
Remove Ads
Sign In
Join for FREE
Feedback
Dark Mode
Quiz Categories
Sports
Geography
Music
Movies
Television
Just For Fun
Miscellaneous
History
Literature
Language
Science
Gaming
Entertainment
Religion
Holiday
For Kids
Quiz Lab
Recent
Popular Today
Quiz Kudos Today
Editor Picks
Curator Picks
Quizzes by...
Day
Popularity
Type
Ratings
Length
Year
Community
Subscriptions
Recent Discussions
Orange Saloon
Badges
Playlists
Quests
Create
Leaderboards
Showdown
Live 5
Trivia Bingo
Activity
Puzzle Library
Sporcle Events
Private Events
Virtual Trivia
Globe League
Become a Host
Pub Owners
SporcleCon
Opinionation
Our Games
Videos
Blog
Mobile Apps
Partnerships
Remove Ads and Go Orange
Feedback
Geography
Country
Landmarks
City
State
Population
World
Capital
Continent
Flags
Europe
Africa
Asia
South America
North America
Oceania
Border
Canada
United Kingdom
Topography
United States
Geography
Country
Landmarks
City
State
Population
World
Capital
Continent
Flags
Europe
Africa
Asia
South America
North America
Oceania
Border
Canada
United Kingdom
Topography
United States
Random Quiz
Search Sporcle
×
Quiz Lab
Quiz Lab
Geography
Capital
Type in answers that appear in a list
Type in answers that appear in a list
Classic
Best Score? Go Orange.
300 Largest Powiat's capitals in Poland Stats
Can you name the 300 largest powiat's capitals in Poland in alphabetical order?
By
carles_puyol
25m
300 Questions
2,235 Plays
2,235 Plays
2,235 Plays
Comments
Comments
Give Quiz Kudos
Give Quiz Kudos
-
- Ratings
hide this ad
Replay
Link that replays current quiz
Next Quiz
Link to next quiz in quiz playlist
You Got
0%
They Got
Avg Score
72%
Avg Friend Score
Upgrade to see
Score Distribution
Jump to the score distribution portion of the page
Score
0/300
Timer
25:00
0
Plays Today
Voivodship
City
% Correct
Pomorskie
Gdańsk
93.8%
Lubelskie
Lublin
93.7%
Kujawsko-
Pomorskie
Bydgoszcz
93.6%
Pomorskie
Gdynia
93.5%
Śląskie
Katowice
92.9%
Zachodniopomorskie
Szczecin
92.8%
Łódzkie
Łódź
92.6%
Podlaskie
Białystok
92.3%
Opolskie
Opole
92%
Mazowieckie
Radom
91.1%
Świętokrzyskie
Kielce
91%
Wielkopolskie
Koło
90.8%
Podlaskie
Bielsk Podlaski
90.7%
Śląskie
Częstochowa
90.7%
Dolnośląskie
Wrocław
90.6%
Śląskie
Bielsko-Biała
90.6%
Śląskie
Bytom
90.5%
Lubuskie
Gorzów Wielkopolski
90.2%
Mazowieckie
Warszawa
90.2%
Kujawsko-
Pomorskie
Toruń
90.1%
Warmińsko-
Mazurskie
Olsztyn
90%
Warmińsko-
Mazurskie
Elbląg
89.9%
Śląskie
Gliwice
89.8%
Małopolskie
Tarnów
89.8%
Zachodniopomorskie
Koszalin
89.7%
Wielkopolskie
Poznań
89.7%
Lubuskie
Zielona Góra
89.3%
Warmińsko-
Mazurskie
Ełk
89%
Podkarpackie
Rzeszów
88.9%
Dolnośląskie
Lubin
88.7%
Śląskie
Chorzów
88.4%
Dolnośląskie
Legnica
88.1%
Pomorskie
Sopot
88%
Zachodniopomorskie
Kołobrzeg
88%
Zachodniopomorskie
Kołobrzeg
88%
Wielkopolskie
Kalisz
87.9%
Małopolskie
Nowy Sącz
87.7%
Mazowieckie
Płock
87.7%
Podlaskie
Augustów
87.6%
Dolnośląskie
Jelenia Góra
87.6%
Kujawsko-
Pomorskie
Inowrocław
87.4%
Wielkopolskie
Ostrów Wielkopolski
87.1%
Mazowieckie
Ostrów Mazowiecka
87%
Wielkopolskie
Konin
86.8%
Śląskie
Zabrze
86.7%
Małopolskie
Kraków
86.7%
Śląskie
Sosnowiec
86.7%
Lubelskie
Chełm
86.6%
Kujawsko-
Pomorskie
Grudziądz
85.6%
Opolskie
Brzeg
85.5%
Śląskie
Dąbrowa Górnicza
85.3%
Małpolskie
Dąbrowa Tarnowska
85.1%
Kujawsko-
Pomorskie
Włocławek
85.1%
Wielkopolskie
Piła
84.9%
Pomorskie
Słupsk
84.9%
Łódzkie
Bełchatów
84.7%
Podlaskie
Suwałki
84.5%
Podkarpackie
Krosno
84.3%
Lubuskie
Krosno Odrzańskie
84.3%
Dolnośląskie
Wałbrzych
84.3%
Zachodniopomorskie
Świnoujście
84.3%
Podkarpackie
Przemyśl
83.9%
Zachodniopomorskie
Stargard Szczeciński
83.7%
Wielkopolskie
Leszno
83.6%
Lubelskie
Biała Podlaska
83.6%
Małopolskie
Nowy Targ
83.3%
Małopolskie
Zakopane
83.2%
Wielkopolskie
Gniezno
83.1%
Śląskie
Rybnik
82.9%
Podlaskie
Łomża
82.8%
Śląskie
Tychy
82.6%
Kujawsko-
Pomorskie
Aleksandrów Kujawski
82.4%
Śląskie
Ruda Śląska
82.3%
Lubelskie
Zamość
81.8%
Śląskie
Żory
81.7%
Świętokrzyskie
Ostrowiec Świętokrzyski
81.7%
Śląskie
Będzin
81.6%
Dolnośląskie
Jawor
81.6%
Łódzkie
Piotrków Trybunalski
81.5%
Warmińsko-
Mazurskie
Iława
81.4%
Dolnośląskie
Głogów
81.3%
Łódzkie
Radomsko
81.3%
Podkarpackie
Tarnobrzeg
80.9%
Śląskie
Świętochłowice
80.8%
Pomorskie
Malbork
80.8%
Śląskie
Jaworzno
80.7%
Opolskie
Kędzierzyn-Koźle
80.5%
Pomorskie
Chojnice
80.3%
Podkarpackie
Dębica
80.3%
Pomorskie
Starogard Gdański
80.1%
Śląskie
Jastrzębie-Zdrój
79.9%
Śląskie
Cieszyn
79.8%
Mazowieckie
Pruszków
79.7%
Podkarpackie
Mielec
79.6%
Łódzkie
Kutno
79.5%
Opolskie
Nysa
79.4%
Lubuskie
Żary
79.4%
Mazowieckie
Ostrołęka
79.2%
Mazowieckie
Siedlce
79.1%
Mazowieckie
Grodzisk Mazowiecki
79%
Voivodship
City
% Correct
Wielkopolskie
Grodzisk Wielkopolski
79%
Śląskie
Żywiec
79%
Świętokrzyskie
Sandomierz
78.9%
Łódzkie
Tomaszów Mazowiecki
78.8%
Lubelskie
Tomaszów Lubelski
78.7%
Śląskie
Mysłowice
78.1%
Podkarpackie
Jarosław
77.9%
Łódzkie
Zgierz
77.9%
Podkarpackie
Stalowa Wola
77.9%
Lubelskie
Puławy
77.8%
Pomorskie
Wejherowo
77.6%
Świętokrzyskie
Skarżysko-Kamienna
77.4%
Podkarpackie
Jasło
77.3%
Mazowieckie
Ciechanów
77.2%
Łódzkie
Pabianice
77%
Dolnośląskie
Świdnica
77%
Lubelskie
Świdnik
77%
Mazowieckie
Nowy Dwór Mazowiecki
76.8%
Pomorskie
Tczew
76.8%
Śląskie
Tarnowskie Góry
76.7%
Małopolskie
Bochnia
76.6%
Pomorskie
Bytów
76.5%
Zachodniopomorskie
Szczecinek
76.2%
Śląskie
Siemianowice Śląskie
76.1%
Podkarpackie
Sanok
75.9%
Małopolskie
Oświęcim
75.7%
Świętokrzyskie
Starachowice
75.7%
Mazowieckie
Legionowo
75.3%
Dolnośląskie
Zgorzelec
75.3%
Lubuskie
Nowa Sól
75.2%
Dolnośląskie
Oława
75%
Śląskie
Wodzisław Śląski
75%
Łódzkie
Sieradz
74.7%
Łódzkie
Skierniewice
74.6%
Łódzkie
Łowicz
74.3%
Mazowieckie
Żyrardów
74.1%
Zachodniopomorskie
Police
73.7%
Pomorskie
Lębork
73.6%
Lubelskie
Hrubieszów
73.6%
Kujawsko-
Pomorskie
Chełmno
73.3%
Wielkopolskie
Jarocin
73.1%
Dolnośląskie
Kłodzko
72.9%
Lubelskie
Łęczna
72.9%
Podlaskie
Hajnówka
72.7%
Lubelskie
Kraśnik
72.7%
Dolnośląskie
Bolesławiec
72.6%
Małopolskie
Chrzanów
72.3%
Śląskie
Zawiercie
72.3%
Warmińsko-
Mazurskie
Bartoszyce
72.2%
Pomorskie
Kościerzyna
71.7%
Dolnośląskie
Polkowice
71.5%
Warmińsko-
Mazurskie
Ostróda
71.5%
Lubuskie
Żagań
71.3%
Łódzkie
Opoczno
71.2%
Opolskie
Kluczbork
71.1%
Warmińsko-
Mazurskie
Giżycko
70.9%
Śląskie
Racibórz
70.7%
Śląskie
Piekary Śląskie
70.7%
Małopolskie
Wieliczka
70.5%
Mazowieckie
Mińsk Mazowiecki
70.4%
Małopolskie
Olkusz
70.2%
Lubelskie
Krasnystaw
69.7%
Mazowieckie
Mława
69.7%
Śląskie
Lubliniec
69.4%
Lubelskie
Biłgoraj
69.2%
Zachodniopomorskie
Gryfino
69.2%
Pomorskie
Puck
69.2%
Warmińsko-
Mazurskie
Mrągowo
69.1%
Warmińsko-
Mazurskie
Kętrzyn
69.1%
Wielkopolskie
Turek
68.9%
Łódzkie
Wieluń
68.9%
Wielkopolskie
Rawicz
68.6%
Zachodniopomorskie
Wałcz
68.5%
Śląskie
Myszków
68.5%
Dolnośląskie
Oleśnica
68.5%
Lubuskie
Świebodzin
68.5%
Kujawsko-
Pomorskie
Brodnica
68.4%
Świętokrzyskie
Końskie
68.2%
Mazowieckie
Piaseczno
68.2%
Warmińsko-
Mazurskie
Szczytno
68%
Małopolskie
Wadowice
67.9%
Dolnośląskie
Dzierżoniów
67.9%
Małopolskie
Myślenice
67.8%
Śląskie
Mikołów
67.8%
Świętokrzyskie
Busko-Zdrój
67.7%
Mazowieckie
Otwock
67.6%
Lubelskie
Lubartów
67.5%
Kujawsko-
Pomorskie
Nakło nad Notecią
67.4%
Kujawsko-
Pomorskie
Świecie
67.4%
Zachodniopomorskie
Gryfice
67.3%
Pomorskie
Kwidzyn
67.3%
Wielkopolskie
Gostyń
67.2%
Zachodniopomorskie
Białogard
66.8%
Małpolskie
Gorlice
66.7%
Warmińsko-
Mazurskie
Lidzbark Warmiński
66.6%
Śląskie
Pszczyna
66.5%
Mazowieckie
Pułtusk
66.4%
Wielkopolskie
Września
66.2%
Warmińsko-
Mazurskie
Braniewo
65.9%
Opolskie
Krapkowice
65.7%
Voivodship
City
% Correct
Dolnośląskie
Lubań
65.7%
Mazowieckie
Grójec
65.7%
Lubuskie
Międzyrzecz
65.7%
Wielkopolskie
Śrem
65.6%
Małopolskie
Brzesko
65.5%
Łódzkie
Zduńska Wola
65.4%
Kujawsko-
Pomorskie
Żnin
65.4%
Małopolskie
Limanowa
65.1%
Wielkopolskie
Środa Wielkopolska
65.1%
Dolnośląskie
Góra
65%
Łódzkie
Rawa Mazowiecka
65%
Świętokrzyskie
Jędrzejów
64.9%
Zachodniopomorskie
Drawsko Pomorskie
64.8%
Opolskie
Strzelce Opolskie
64.8%
Pomorskie
Pruszcz Gdański
64.7%
Podlaskie
Grajewo
64.7%
Wielkopolskie
Kościan
64.5%
Podkarpackie
Leżajsk
64.5%
Wielkopolskie
Nowy Tomyśl
64.4%
Wielkopolskie
Kępno
64.2%
Warmińsko-
Mazurskie
Działdowo
64.2%
Zachodniopomorskie
Goleniów
64%
Pomorskie
Kartuzy
63.8%
Lubelskie
Janów Lubelski
63.7%
Warmińsko-
Mazurskie
Nowe Miasto Lubawskie
63.7%
Wielkopolskie
Chodzież
63.7%
Łódzkie
Łask
63.7%
Wielkopolskie
Krotoszyn
63.6%
Mazowieckie
Płońsk
63.5%
Łódzkie
Łęczyca
63.4%
Mazowieckie
Garwolin
63.2%
Podlaskie
Zambrów
63.2%
Śląskie
Bieruń
63.1%
Pomorskie
Człuchów
63%
Warmińsko-
Mazurskie
Pisz
63%
Opolskie
Namysłów
62.9%
Opolskie
Prudnik
62.6%
Warmińsko-
Mazurskie
Gołdap
62.5%
Mazowieckie
Sochaczew
62.4%
Mazowieckie
Gostynin
62.2%
Lubelskie
Łuków
62.1%
Podkarpackie
Łańcut
62.1%
Wielkopolskie
Oborniki
61.4%
Świętokrzyskie
Włoszczowa
61.1%
Lubuskie
Słubice
60.8%
Podlaskie
Sokółka
59.9%
Mazowieckie
Wyszków
59.7%
Kujawsko-
Pomorskie
Golub-Dobrzyń
59.6%
Podkarpackie
Nisko
59.4%
Kujawsko-
Pomorskie
Rypin
59.4%
Wielkopolskie
Szamotuły
59.3%
Wielkopolskie
Złotów
59.1%
Śląskie
Kłobuck
59%
Dolnośląskie
Trzebnica
59%
Mazowieckie
Sokołów Podlaski
58.8%
Warmińsko-
Mazurskie
Nidzica
58.7%
Dolnośląskie
Kamienna Góra
58.4%
Wielkopolskie
Ostrzeszów
57.9%
Warmińsko-
Mazurskie
Olecko
57.6%
Wielkopolskie
Wągrowiec
57.4%
Lubelskie
Włodawa
57.4%
Dolnośląskie
Ząbkowice Śląskie
57.4%
Lubelskie
Radzyń Podlaski
57.3%
Warmińsko-
Mazurskie
Węgorzewo
57%
Dolnośląskie
Milicz
57%
Dolnośląskie
Złotoryja
57%
Podkarpackie
Przeworsk
56.9%
Zachodniopomorskie
Choszczno
56.7%
Wielkopolskie
Czarnków
56.7%
Świętokrzyskie
Pińczów
56.6%
Kujawsko-
Pomorskie
Tuchola
56.6%
Kujawsko-
Pomorskie
Lipno
56.5%
Podlaskie
Siemiatycze
56%
Podlaskie
Mońki
55.9%
Mazowieckie
Przasnysz
55.7%
Mazowieckie
Sierpc
55.7%
Mazowieckie
Kozienice
55.2%
Łódzkie
Brzeziny
55.2%
Wielkopolskie
Wolsztyn
55.1%
Kujawsko-
Pomorskie
Mogilno
54.8%
Opolskie
Głubczyce
54.7%
Podlaskie
Kolno
54.5%
Wielkopolskie
Pleszew
54.4%
Podkarpackie
Lubaczów
54.3%
Małopolskie
Miechów
54.2%
Zachodniopomorskie
Świdwin
53.9%
Świętokrzyskie
Staszów
53.6%
Podkarpackie
Ropczyce
53.1%
Dolnośląskie
Strzelin
52.9%
Wielkopolskie
Słupca
52.6%
Zachodniopomorskie
Myślibórz
52.1%
Zachodniopomorskie
Sławno
51.5%
Zachodniopomorskie
Łobez
51.5%
Mazowieckie
Węgrów
51.2%
Wielkopolskie
Międzychód
51%
Kujawsko-
Pomorskie
Wąbrzeźno
50.2%
Lubuskie
Wschowa
48.4%
Dolnośląskie
Wołów
47.5%
Mazowieckie
Szydłowiec
46.4%
Zachodniopomorskie
Pyrzyce
44.7%
Quiz Playlist
Details
Report
Send in Message
Add To Playlist
Classic:
Type in answers that appear in a list
Last Updated: Dec 30, 2023
Quiz Scoreboard
CHALLENGE
Sign Up to Join the Scoreboard
Show All
Scores
Hide
Comments
May contain spoilers
Recently Published
Image Sorting: Flags VI
by Barbecue
Geography
2m
Find the 'City' Movie
by crazypaving
Movies
60s
Colored Red Africa Blitz
by spor1
Geography
45s
More to Explore
Quiz From the Vault
Featured Blog Post
14 Easter Pick-up Lines to Find Eggs With
hide this ad
You Might Also Like...
Tags
Capital Quiz
City Quiz
Population Quiz
300
Alphabetical
largest
Order
Poland
Polish Cities
Today's Top Quizzes in Geography
Browse Geography
hide this ad
Today's Top Quizzes in Capital
Browse Capital
Top Contributed Quizzes in Geography
1
Colored Red Europe Blitz I
2
Countries of the World - No Outlines Minefield
3
Colored Red Africa Blitz II
4
Colored Red Europe Blitz II
5
Colored Red Europe Blitz III
6
Colored Red Africa Blitz III
7
Colored Red States Blitz I
8
A Different View: World Oceans
9
Colored Red States Blitz II
10
Colored Red States Blitz III
Explore More
Trending Topics
Anime
Disney
Kpop
Harry Potter
Marvel
NBA
Crossword
Country
WWE
The Office
Pokémon
Puzzle
Song
Soccer
NFL
hide this ad
More By:
carles_puyol
Quiz
Plays
Rating
Category
Featured
Created
Juventus XIs: since 1996/97 season
16,952
4.54
Sports
May 13, 2012
FC Barcelona XIs: since 1996/97 season
15,158
4.40
Sports
May 6, 2012
Real Madrid XIs: since 1996/97 season
13,597
4.65
Sports
May 6, 2012
AC Milan XIs: since 1996/97 season
12,721
4.29
Sports
May 8, 2012
Inter Milan XIs: since 1996/97 season
11,884
4.61
Sports
May 10, 2012
Go to Creator's Profile
Score Distribution
Quiz Creator Spotlight
carles_puyol
Follow
Send a Message
Quizzes Created
-
Created Quiz Play Count
-
More By This Creator
Popular Quizzes Today
1
Colored Red Africa Blitz
2
Find the US States - No Outlines Minefield
3
Find the 'City' Movie
4
5x2 Blitz: Bands
5
The Countries of the World
6
Find the US States
7
Find the Countries of Europe - No Outlines Minefield
8
US States
More Geography Quizzes
4-Letter Geography
Published
Trending Quizzes
Colored Red Europe Blitz I
Colored Red Africa Blitz II
Colored Red Europe Blitz II
Colored Red Africa Blitz III
Colored Red Europe Blitz III
Recently Updated
How Do You Spell That?
pecheneg
Godzilla Movies
pecheneg
Grab Bag: 4-10 Letters
pecheneg
2024 March Madness Bracket
pecheneg
Famous TV Couples
Peacemaker
Champions League XIs: Real Madrid
pecheneg
Largest US Cities 1790-2010
pecheneg
Rides in Walt Disney World
pecheneg
Most Oscar Losses (Acting)
pecheneg
Beyoncé Albums
pecheneg
Trending Topics
NBA
Disney
Crossword
Anime
Harry Potter
Kpop
Marvel
Country
NFL
Puzzle
Pokémon
WWE
The Office
Soccer
Song
Your Account Isn't Verified!
In order to create a playlist on Sporcle, you need to verify the email address you used during registration. Go to your
Sporcle Settings
to finish the process.
Report this User
Report this user for behavior that violates our
Community Guidelines
.
Details:
Send Report
Go to the Sporcle.com Mobile Site →
Comments